Administração pública transparente e responsabilidade do político / (Record no. 581)

MARC details
000 -LÍDER
Campo Fixo de Controle 00826nam a2200253 a 4500
001 - NÚMERO DE CONTROLE
Campo de Controle 581
003 - IDENTIFICAÇÃO DO NÚMERO DE CONTROLE
Campo de Controle BR-CuiBMT
005 - DATA E HORA DA ÚLTIMA ATUALIZAÇÃO
Campo de Controle 20231109215414.0
008 - DADOS FIXOS
Dados Fixos 231109s2007 mgba 000 0 por d
020 ## - INTERNATIONAL STANDARD BOOK NUMBER
Nº do ISBN 9788577001002
040 ## - AGÊNCIA CATALOGADORA
Código da Agência Catalogadora BR-CuiBMT
Agência que transcreveu o registro BR-CuiBMT
080 ## - Nº DA CLASSIFICAÇÃO DECIMAL UNIVERSAL
Nº edição CDU 2007
Nº Class. CDU 342.9:343.352
090 ## - NÚMERO DE CHAMADA
Nº classificação 342.9:343.352
Cutter M827a
100 1# - ENTRADA PRINCIPAL -- AUTOR PESSOAL
Nome pessoal Moraes, Antonio Carlos Flores de,
Datas associadas ao nome 1947-
245 ## - TÍTULO PRINCIPAL
Título principal Administração pública transparente e responsabilidade do político /
Indicação de responsabilidade Antonio Carlos Flores de Moraes ; prefácio, Adriano Pilatti.
260 ## - PUBLICAÇÃO, DISTRIBUIÇÃO, ETC.
Local de publicação Belo Horizonte :
Editora Fórum,
Data 2007.
300 ## - DESCRIÇÃO FÍSICA
N. páginas ou volumes 202 p.:
Ilustrações il.
Dimensões 22 cm
504 ## - NOTA DE BIBLIOGRAFIA, ETC.
Nota de bibliografia Inclui bibliografia.
650 ## - ASSUNTO TÓPICO
Cabeçalho tópico ou nome geográfico Administração pública
650 ## - ASSUNTO TÓPICO
Cabeçalho tópico ou nome geográfico Corrupção política
650 ## - ASSUNTO TÓPICO
Cabeçalho tópico ou nome geográfico Direito administrativo
650 ## - ASSUNTO TÓPICO
Cabeçalho tópico ou nome geográfico Moralidade administrativa
942 ## - ELEMENTOS DE ENTRADA ADICIONAIS (KOHA)
Fonte de classificação ou esquema de arquivamento Classificação Decimal Universal
Tipo de item do Koha Livros
Holdings
Estado: removido Estado: perdido Fonte de classificação ou esquema de arquivamento Estado: danificado Indisponível para empréstimo Localização permanente Localização atual Data de aquisição Total Checkouts Número de Chamada completo Código de barras Date last seen Número do exemplar Preço efetivo a partir de Tipo de item (Koha)
    Classificação Decimal Universal     Biblioteca da Escola Superior de Contas do TCE/MT Biblioteca da Escola Superior de Contas do TCE/MT 15/08/2019   342.9:343.352 M827a BIBTCEMT23110385 09/11/2023 Ex. 1 09/11/2023 Livros
    Classificação Decimal Universal     Biblioteca da Escola Superior de Contas do TCE/MT Biblioteca da Escola Superior de Contas do TCE/MT 15/08/2019   342.9:343.352 M827a BIBTCEMT23110386 09/11/2023 Ex. 2 09/11/2023 Livros

Powered by Koha